000 00346 a2200157 4500
001 60006
020 _a9783190016570
040 _cAnchieta - Pituba
100 _aBalme, Michaela Perlmann
240 1 0 _aEm übungsgrammatik
_lpor
245 1 0 _aEm übungsgrammatik
300 _a248
362 0 _a2002
650 4 _aLíngua alemã
942 _cBK
999 _c60006
_d60006